000 00294nam a2200109 a 4500
005 20201002060825.0
008 181005s2016 000 spa d
020 _a9789945599763
245 0 _aInformática interactiva 1 : libro del maestro.
260 _aSanto Domingo,
_c2016.
999 _c47434
_d47434
040 _aDO-SdBNP